[Event "Blitz 2018"]
[Site "Saint-Petersburg"]
[Date "2018.12.30"]
[Round "15"]
[Board "46"]
[White "Injac Teodora (SRB)"]
[Black "Afonasieva Anna (RUS)"]
[Result "1/2-1/2"]
[BlackElo "1954"]
[WhiteElo "2177"]
[LiveChessVersion "1.4.8"]

1. d4 {[%clk 0:03:03]} d5 {[%clk 0:03:03]} 2. c4 {[%clk 0:03:03]} c6
{[%clk 0:03:05]} 3. Nf3 {[%clk 0:03:04]} Nf6 {[%clk 0:03:05]} 4. Nbd2
{[%clk 0:03:06]} e6 {[%clk 0:03:02]} 5. e3 {[%clk 0:03:03]} Nbd7 {[%clk 0:03:02]}
6. Bd3 {[%clk 0:03:02]} Be7 {[%clk 0:02:56]} 7. O-O {[%clk 0:03:02]} O-O
{[%clk 0:02:56]} 8. e4 {[%clk 0:03:03]} dxe4 {[%clk 0:02:55]} 9. Nxe4
{[%clk 0:03:04]} Nxe4 10. Bxe4 {[%clk 0:03:05]} Nf6 {[%clk 0:02:54]} 11. Bc2
{[%clk 0:03:06]} h6 {[%clk 0:02:55]} 12. Qd3 {[%clk 0:02:44]} c5 {[%clk 0:02:38]}
13. Rd1 {[%clk 0:02:45]} cxd4 {[%clk 0:02:37]} 14. Nxd4 {[%clk 0:02:42]} Qa5
{[%clk 0:02:23]} 15. Qg3 {[%clk 0:01:42]} Qh5 {[%clk 0:02:03]} 16. Bf4
{[%clk 0:01:18]} Bd7 {[%clk 0:01:45]} 17. Nf3 {[%clk 0:00:59]} Bc6
{[%clk 0:01:40]} 18. Ne5 {[%clk 0:00:59]} Be4 {[%clk 0:01:37]} 19. Bxe4 Nxe4
{[%clk 0:01:38]} 20. Qe3 {[%clk 0:00:37]} Nd6 {[%clk 0:01:30]} 21. Rac1
{[%clk 0:00:30]} Nf5 {[%clk 0:01:28]} 22. Qf3 {[%clk 0:00:20]} Qxf3
{[%clk 0:01:28]} 23. Nxf3 {[%clk 0:00:22]} Rfd8 {[%clk 0:01:28]} 24. Ne5
{[%clk 0:00:13]} Nd4 {[%clk 0:01:22]} 25. Kf1 {[%clk 0:00:12]} Bf6
{[%clk 0:01:21]} 26. Nd3 {[%clk 0:00:08]} Nc6 {[%clk 0:01:18]} 27. b3
{[%clk 0:00:07]} b6 {[%clk 0:01:15]} 28. Be3 {[%clk 0:00:07]} Rd7
{[%clk 0:01:13]} 29. Ke2 {[%clk 0:00:09]} Rad8 {[%clk 0:01:13]} 30. Nf4
{[%clk 0:00:09]} g5 {[%clk 0:01:01]} 31. Nh5 {[%clk 0:00:09]} Be5
{[%clk 0:01:02]} 32. g3 {[%clk 0:00:07]} Nd4+ {[%clk 0:01:01]} 33. Bxd4
{[%clk 0:00:08]} Bxd4 {[%clk 0:01:02]} 34. Rd3 {[%clk 0:00:07]} Bc5
{[%clk 0:00:59]} 35. Rxd7 {[%clk 0:00:05]} Rxd7 {[%clk 0:01:00]} 36. f3
{[%clk 0:00:06]} Kf8 {[%clk 0:00:59]} 37. Rd1 {[%clk 0:00:06]} Ke7
{[%clk 0:00:58]} 38. Rxd7+ {[%clk 0:00:07]} Kxd7 {[%clk 0:00:59]} 39. Nf6+
{[%clk 0:00:08]} Kd6 {[%clk 0:00:58]} 40. Ne4+ {[%clk 0:00:10]} Kc6
{[%clk 0:00:58]} 41. Nxc5 {[%clk 0:00:09]} Kxc5 {[%clk 0:00:59]} 42. Kd3
{[%clk 0:00:10]} f5 {[%clk 0:00:55]} 43. a3 {[%clk 0:00:11]} e5 {[%clk 0:00:55]}
44. b4+ {[%clk 0:00:13]} Kc6 {[%clk 0:00:56]} 45. Ke3 {[%clk 0:00:12]} Kd6
{[%clk 0:00:47]} 46. h3 {[%clk 0:00:12]} h5 {[%clk 0:00:41]} 47. Kd3
{[%clk 0:00:12]} Kc6 {[%clk 0:00:40]} 48. Ke3 {[%clk 0:00:12]} a6
{[%clk 0:00:39]} 49. Kd3 {[%clk 0:00:13]} Kd6 {[%clk 0:00:33]} 50. a4
{[%clk 0:00:14]} Kc6 {[%clk 0:00:34]} 51. Ke4 1/2-1/2

[Event "Blitz 2018"]
[Site "Saint-Petersburg"]
[Date "2018.12.30"]
[Round "15"]
[Board "51"]
[White "Khomeriki Nino (GEO)"]
[Black "Bulatova Kamaliya (RUS)"]
[Result "0-1"]
[BlackElo "2046"]
[WhiteElo "2299"]
[LiveChessVersion "1.4.8"]

1. d4 {[%clk 0:03:03]} Nf6 {[%clk 0:03:04]} 2. Nf3 {[%clk 0:03:03]} e6
{[%clk 0:03:04]} 3. c4 {[%clk 0:03:04]} d5 {[%clk 0:03:06]} 4. e3
{[%clk 0:03:04]} Bb4+ {[%clk 0:03:06]} 5. Bd2 {[%clk 0:03:03]} Bxd2+
{[%clk 0:03:05]} 6. Qxd2 {[%clk 0:03:04]} O-O {[%clk 0:03:04]} 7. Nc3
{[%clk 0:03:05]} c6 {[%clk 0:03:01]} 8. Rc1 {[%clk 0:03:01]} Nbd7
{[%clk 0:02:54]} 9. Bd3 {[%clk 0:02:56]} dxc4 {[%clk 0:02:50]} 10. Bxc4
{[%clk 0:02:55]} b5 {[%clk 0:02:51]} 11. Bd3 {[%clk 0:02:57]} Bb7
{[%clk 0:02:53]} 12. O-O {[%clk 0:02:56]} a6 {[%clk 0:02:50]} 13. e4
{[%clk 0:02:46]} c5 {[%clk 0:02:39]} 14. e5 {[%clk 0:02:41]} cxd4
{[%clk 0:02:16]} 15. Ne2 {[%clk 0:01:36]} Ne4 {[%clk 0:02:16]} 16. Qf4
{[%clk 0:01:28]} f5 {[%clk 0:02:02]} 17. Nexd4 {[%clk 0:01:17]} Ndc5
{[%clk 0:01:57]} 18. Rfd1 {[%clk 0:01:10]} Qe7 {[%clk 0:01:46]} 19. Bb1
{[%clk 0:01:03]} Rad8 {[%clk 0:01:30]} 20. Qe3 {[%clk 0:01:02]} Ba8
{[%clk 0:01:22]} 21. Qa3 {[%clk 0:00:50]} Rc8 {[%clk 0:01:08]} 22. Bxe4
{[%clk 0:00:30]} fxe4 {[%clk 0:00:39]} 23. Nd2 {[%clk 0:00:29]} Qf7
{[%clk 0:00:40]} 24. Rf1 {[%clk 0:00:22]} Nd3 {[%clk 0:00:35]} 25. Rxc8
{[%clk 0:00:22]} Rxc8 {[%clk 0:00:36]} 26. Qxa6 {[%clk 0:00:22]} Rf8
{[%clk 0:00:30]} 27. Qxe6 {[%clk 0:00:19]} Rd8 {[%clk 0:00:09]} 28. Qxf7+
{[%clk 0:00:17]} Kxf7 {[%clk 0:00:11]} 29. Nxb5 {[%clk 0:00:16]} Nxb2
{[%clk 0:00:10]} 30. Nd6+ {[%clk 0:00:17]} Ke6 {[%clk 0:00:11]} 31. N6xe4
{[%clk 0:00:09]} Kxe5 {[%clk 0:00:11]} 32. Re1 {[%clk 0:00:07]} Nd3
{[%clk 0:00:10]} 33. Re3 {[%clk 0:00:08]} Kf5 {[%clk 0:00:09]} 34. h3
{[%clk 0:00:07]} h5 {[%clk 0:00:10]} 35. f3 {[%clk 0:00:05]} Nf4 {[%clk 0:00:09]}
36. g4+ {[%clk 0:00:06]} Kg6 {[%clk 0:00:07]} 37. Kh2 {[%clk 0:00:05]} hxg4
{[%clk 0:00:05]} 38. hxg4 {[%clk 0:00:06]} Rb8 {[%clk 0:00:05]} 39. Kg3
{[%clk 0:00:07]} Nd5 {[%clk 0:00:06]} 40. Rd3 {[%clk 0:00:04]} Rb2
{[%clk 0:00:07]} 41. a4 {[%clk 0:00:04]} Ra2 {[%clk 0:00:08]} 42. Nc5
{[%clk 0:00:05]} Bc6 {[%clk 0:00:08]} 43. Rd4 {[%clk 0:00:04]} Nc3
{[%clk 0:00:04]} 44. Rf4 {[%clk 0:00:03]} Ne2+ {[%clk 0:00:05]} 45. Kf2
{[%clk 0:00:03]} Nxf4 {[%clk 0:00:06]} 46. Ke3 {[%clk 0:00:05]} Nd5+
{[%clk 0:00:07]} 47. Kd3 {[%clk 0:00:05]} Ra3+ {[%clk 0:00:08]} 48. Kd4
{[%clk 0:00:05]} Nb6 {[%clk 0:00:08]} 49. Nd3 {[%clk 0:00:03]} Rxa4+
{[%clk 0:00:09]} 50. Kc5 {[%clk 0:00:04]} Ra3 {[%clk 0:00:07]} 51. Ne5+
{[%clk 0:00:04]} Kg5 {[%clk 0:00:07]} 52. Nb1 {[%clk 0:00:03]} Ra5+
{[%clk 0:00:07]} 53. Kxc6 Rxe5 {[%clk 0:00:07]} 54. Kxb6 {[%clk 0:00:04]} Kf4
{[%clk 0:00:09]} 55. Nd2 {[%clk 0:00:05]} Re2 {[%clk 0:00:10]} 56. Nc4
{[%clk 0:00:04]} Kxf3 {[%clk 0:00:09]} 57. g5 {[%clk 0:00:05]} Re6+
{[%clk 0:00:10]} 58. Kc5 {[%clk 0:00:05]} Kf4 {[%clk 0:00:09]} 59. Kd5
{[%clk 0:00:05]} Re1 {[%clk 0:00:10]} 60. g6 {[%clk 0:00:06]} Kf5
{[%clk 0:00:10]} 61. Nd6+ {[%clk 0:00:04]} Kxg6 {[%clk 0:00:11]} 62. Ne4
{[%clk 0:00:04]} Kf5 {[%clk 0:00:10]} 63. Nd6+ {[%clk 0:00:03]} Kf4
{[%clk 0:00:11]} 64. Kd4 {[%clk 0:00:03]} g5 {[%clk 0:00:12]} 65. Nc4
{[%clk 0:00:03]} Re4+ {[%clk 0:00:12]} 66. Kd3 {[%clk 0:00:04]} Rxc4
{[%clk 0:00:13]} 67. Kd4 Ke5+ 0-1

[Event "Blitz 2018"]
[Site "Saint-Petersburg"]
[Date "2018.12.30"]
[Round "15"]
[Board "54"]
[White "Borisova Ekaterina (RUS)"]
[Black "Geller Anastasiya (RUS)"]
[Result "0-1"]
[BlackElo "2112"]
[WhiteElo "1997"]
[LiveChessVersion "1.4.8"]

1. d4 {[%clk 0:03:03]} e6 {[%clk 0:03:02]} 2. g3 {[%clk 0:03:03]} c5
{[%clk 0:02:53]} 3. Nf3 {[%clk 0:03:03]} Nf6 {[%clk 0:02:43]} 4. Bg2
{[%clk 0:03:03]} Nc6 {[%clk 0:02:41]} 5. O-O {[%clk 0:03:03]} Be7
{[%clk 0:02:39]} 6. c4 {[%clk 0:03:04]} cxd4 {[%clk 0:02:33]} 7. Nxd4
{[%clk 0:03:05]} a6 {[%clk 0:02:31]} 8. Nc3 {[%clk 0:03:01]} O-O {[%clk 0:02:30]}
9. b3 {[%clk 0:02:59]} Qc7 {[%clk 0:02:18]} 10. Bb2 {[%clk 0:02:58]} b6
{[%clk 0:02:17]} 11. e4 {[%clk 0:02:50]} Bb7 {[%clk 0:02:10]} 12. Nc2
{[%clk 0:02:45]} d6 {[%clk 0:01:49]} 13. Nd5 {[%clk 0:02:40]} e5 {[%clk 0:01:39]}
14. Nxf6+ {[%clk 0:02:40]} Nb8 {[%clk 0:01:33]} 15. Rc1+ {[%clk 0:02:38]} Qd7
{[%clk 0:01:19]} 16. b4+ {[%clk 0:02:29]} Qa4 {[%clk 0:00:55]} 17. a3+
{[%clk 0:02:26]} Nd7 {[%clk 0:00:54]} 0-1

[Event "Blitz 2018"]
[Site "Saint-Petersburg"]
[Date "2018.12.30"]
[Round "15"]
[Board "59"]
[White "Bogumil Tatiana (RUS)"]
[Black "Komiagina Maria (RUS)"]
[Result "0-1"]
[BlackElo "2143"]
[WhiteElo "2140"]
[LiveChessVersion "1.4.8"]

1. Nf3 {[%clk 0:03:04]} Nf6 2. c4 g6 {[%clk 0:03:03]} 3. b3 {[%clk 0:03:07]} Bg7
{[%clk 0:03:03]} 4. Bb2 {[%clk 0:03:08]} d6 {[%clk 0:03:03]} 5. d4
{[%clk 0:03:09]} O-O {[%clk 0:02:57]} 6. Nc3 {[%clk 0:03:10]} Nbd7
{[%clk 0:02:58]} 7. e4 {[%clk 0:03:04]} e5 {[%clk 0:02:56]} 8. Be2
{[%clk 0:03:04]} Re8 {[%clk 0:02:54]} 9. d5 {[%clk 0:02:53]} Nh5 {[%clk 0:02:23]}
10. g3 {[%clk 0:02:50]} Nc5 {[%clk 0:02:15]} 11. b4 {[%clk 0:02:45]} Nd7
{[%clk 0:02:06]} 12. Nd2 {[%clk 0:02:44]} Nhf6 {[%clk 0:02:02]} 13. Nb3
{[%clk 0:02:22]} Nf8 {[%clk 0:01:53]} 14. c5 {[%clk 0:02:18]} Bh3
{[%clk 0:01:49]} 15. f3 {[%clk 0:02:01]} Bd7 {[%clk 0:01:43]} 16. O-O
{[%clk 0:01:41]} h5 {[%clk 0:01:41]} 17. a4 {[%clk 0:01:40]} N6h7
{[%clk 0:01:34]} 18. Ba3 {[%clk 0:01:17]} Bh3 {[%clk 0:01:20]} 19. Re1
{[%clk 0:01:08]} f5 {[%clk 0:01:16]} 20. Nd2 {[%clk 0:01:00]} Bh6
{[%clk 0:01:11]} 21. Nc4 {[%clk 0:01:01]} f4 {[%clk 0:01:01]} 22. Kf2
{[%clk 0:00:48]} g5 {[%clk 0:00:56]} 23. b5 {[%clk 0:00:50]} dxc5
{[%clk 0:00:52]} 24. Bxc5 {[%clk 0:00:45]} Nd7 {[%clk 0:00:54]} 25. Bb4
{[%clk 0:00:40]} g4 {[%clk 0:00:51]} 26. d6 {[%clk 0:00:30]} c6 {[%clk 0:00:52]}
27. Na5 {[%clk 0:00:25]} Qb6+ {[%clk 0:00:49]} 28. Nc4 0-1

[Event "Blitz 2018"]
[Site "Saint-Petersburg"]
[Date "2018.12.30"]
[Round "16"]
[Board "20"]
[White "Tokhirjonova Gulrukhbegim (UZB)"]
[Black "Ambartsumova Karina (RUS)"]
[Result "0-1"]
[BlackElo "2387"]
[WhiteElo "2200"]
[LiveChessVersion "1.4.8"]

1. e4 {[%clk 0:03:04]} c5 {[%clk 0:03:03]} 2. Nf3 {[%clk 0:03:05]} Nc6
{[%clk 0:03:04]} 3. Bb5 {[%clk 0:03:06]} e6 {[%clk 0:03:05]} 4. O-O
{[%clk 0:03:06]} Nge7 {[%clk 0:03:06]} 5. Re1 {[%clk 0:03:08]} a6
{[%clk 0:03:08]} 6. Bf1 {[%clk 0:03:09]} b5 {[%clk 0:03:05]} 7. c3
{[%clk 0:03:05]} d5 {[%clk 0:03:03]} 8. exd5 {[%clk 0:03:05]} Nxd5
{[%clk 0:03:00]} 9. d4 {[%clk 0:03:06]} Be7 {[%clk 0:02:54]} 10. a4
{[%clk 0:03:05]} b4 {[%clk 0:02:44]} 11. c4 {[%clk 0:03:06]} Nf6 {[%clk 0:02:43]}
12. Be3 {[%clk 0:02:55]} cxd4 {[%clk 0:02:36]} 13. Nxd4 {[%clk 0:02:55]} Bb7
{[%clk 0:02:37]} 14. a5 {[%clk 0:02:32]} O-O {[%clk 0:02:28]} 15. Nxc6
{[%clk 0:02:33]} Bxc6 {[%clk 0:02:28]} 16. Bb6 {[%clk 0:02:33]} Qc8
{[%clk 0:02:23]} 17. Nd2 {[%clk 0:02:33]} Qb7 {[%clk 0:02:14]} 18. Nb3
{[%clk 0:02:30]} Nd7 {[%clk 0:02:05]} 19. Bd4 {[%clk 0:02:19]} Bf6
{[%clk 0:02:00]} 20. Qg4 {[%clk 0:02:19]} e5 {[%clk 0:01:42]} 21. Be3
{[%clk 0:02:17]} Rad8 {[%clk 0:01:38]} 22. h4 {[%clk 0:02:07]} Rfe8
{[%clk 0:01:31]} 23. h5 {[%clk 0:02:08]} e4 {[%clk 0:01:16]} 24. h6
{[%clk 0:01:59]} Ne5 {[%clk 0:01:17]} 25. Qg3 {[%clk 0:02:00]} g6
{[%clk 0:01:17]} 26. Nc5 {[%clk 0:02:01]} Qc8 {[%clk 0:01:13]} 27. Rad1
{[%clk 0:02:00]} Ng4 {[%clk 0:01:07]} 28. Bc1 {[%clk 0:01:12]} Be5
{[%clk 0:00:44]} 29. Qh4 {[%clk 0:00:56]} Rxd1 {[%clk 0:00:29]} 30. Rxd1
{[%clk 0:00:57]} Qf5 {[%clk 0:00:30]} 31. Be2 {[%clk 0:00:33]} Bh2+
{[%clk 0:00:28]} 32. Kf1 {[%clk 0:00:34]} Qxc5 {[%clk 0:00:22]} 33. Qxg4
{[%clk 0:00:30]} Be5 {[%clk 0:00:21]} 34. Bf4 {[%clk 0:00:07]} Qxa5
{[%clk 0:00:20]} 35. Qg5 {[%clk 0:00:07]} f6 {[%clk 0:00:21]} 36. Qg3
{[%clk 0:00:08]} Bxf4 {[%clk 0:00:18]} 37. Qxf4 {[%clk 0:00:09]} Qe5
{[%clk 0:00:20]} 38. Qd2 {[%clk 0:00:08]} a5 {[%clk 0:00:18]} 39. b3
{[%clk 0:00:09]} e3 {[%clk 0:00:17]} 40. fxe3 {[%clk 0:00:09]} Qxe3
{[%clk 0:00:19]} 41. Qxe3 {[%clk 0:00:08]} Rxe3 {[%clk 0:00:20]} 42. Rd3
{[%clk 0:00:09]} Rxd3 {[%clk 0:00:19]} 43. Bxd3 {[%clk 0:00:10]} Kf7
{[%clk 0:00:19]} 44. g3 {[%clk 0:00:09]} f5 {[%clk 0:00:18]} 45. Kf2 Kf6 46. Ke3
{[%clk 0:00:11]} Ke5 {[%clk 0:00:18]} 47. g4 {[%clk 0:00:09]} f4+
{[%clk 0:00:17]} 48. Kf2 {[%clk 0:00:11]} Be4 {[%clk 0:00:17]} 49. Be2
{[%clk 0:00:08]} g5 {[%clk 0:00:17]} 50. c5 {[%clk 0:00:09]} Kd5 {[%clk 0:00:17]}
51. Bc4+ {[%clk 0:00:07]} Kxc5 {[%clk 0:00:18]} 52. Bf7 {[%clk 0:00:09]} Kd4
{[%clk 0:00:18]} 53. Ke2 {[%clk 0:00:10]} Kc3 {[%clk 0:00:17]} 54. Be6
{[%clk 0:00:09]} Kd4 {[%clk 0:00:12]} 55. Bd7 {[%clk 0:00:08]} Bd5
{[%clk 0:00:10]} 56. Bf5 {[%clk 0:00:08]} Bg8 {[%clk 0:00:11]} 57. Kd2
{[%clk 0:00:08]} f3 {[%clk 0:00:06]} 58. Bb1 {[%clk 0:00:08]} Ke5
{[%clk 0:00:06]} 59. Ke3 {[%clk 0:00:10]} Bxb3 {[%clk 0:00:04]} 60. Bxh7
{[%clk 0:00:11]} Kf6 {[%clk 0:00:05]} 61. Bd3 {[%clk 0:00:11]} Bd5
{[%clk 0:00:05]} 62. Kd4 {[%clk 0:00:10]} Bb7 {[%clk 0:00:05]} 63. Kc5
{[%clk 0:00:10]} f2 {[%clk 0:00:06]} 64. Bf1 {[%clk 0:00:10]} b3 {[%clk 0:00:07]}
65. Kd4 Ke5+ 0-1

[Event "Blitz 2018"]
[Site "Saint-Petersburg"]
[Date "2018.12.30"]
[Round "16"]
[Board "23"]
[White "Guichard Pauline (FRA)"]
[Black "Lysenko Margarita (RUS)"]
[Result "1-0"]
[BlackElo "2205"]
[WhiteElo "2378"]
[LiveChessVersion "1.4.8"]

1. d4 {[%clk 0:03:03]} Nf6 {[%clk 0:03:03]} 2. Nf3 {[%clk 0:03:04]} g6
{[%clk 0:03:04]} 3. Bg5 {[%clk 0:03:05]} Bg7 {[%clk 0:03:05]} 4. Nbd2
{[%clk 0:03:05]} d5 {[%clk 0:03:06]} 5. e3 {[%clk 0:03:06]} O-O {[%clk 0:03:06]}
6. Be2 {[%clk 0:03:07]} b6 {[%clk 0:03:03]} 7. O-O Bb7 8. h3 {[%clk 0:03:05]}
Nbd7 {[%clk 0:03:04]} 9. a4 {[%clk 0:03:06]} a5 {[%clk 0:03:03]} 10. c3
{[%clk 0:03:04]} Re8 {[%clk 0:02:58]} 11. b4 {[%clk 0:03:00]} Qc8
{[%clk 0:02:21]} 12. Qb3 {[%clk 0:02:56]} c5 {[%clk 0:02:12]} 13. bxc5
{[%clk 0:02:43]} bxc5 {[%clk 0:02:12]} 14. Rab1 {[%clk 0:02:40]} Ba6
{[%clk 0:01:59]} 15. Bxa6 {[%clk 0:02:32]} Rxa6 {[%clk 0:01:50]} 16. Qb7
{[%clk 0:02:32]} Nf8 {[%clk 0:01:04]} 17. Rb5 {[%clk 0:02:26]} Ne6
{[%clk 0:00:58]} 18. Bxf6 {[%clk 0:02:18]} Bxf6 {[%clk 0:00:58]} 19. Qxd5
{[%clk 0:02:11]} Nc7 {[%clk 0:00:58]} 20. Qxc5 {[%clk 0:02:12]} Nxb5
{[%clk 0:00:58]} 21. axb5 {[%clk 0:02:11]} Ra8 {[%clk 0:00:50]} 22. Qxc8
{[%clk 0:01:59]} Rexc8 {[%clk 0:00:51]} 23. c4 {[%clk 0:02:00]} a4
{[%clk 0:00:45]} 24. b6 {[%clk 0:01:55]} Rcb8 {[%clk 0:00:46]} 25. c5
{[%clk 0:01:54]} a3 {[%clk 0:00:47]} 26. Ra1 {[%clk 0:01:52]} Ra4
{[%clk 0:00:37]} 27. Ne1 {[%clk 0:01:52]} e5 {[%clk 0:00:36]} 28. d5
{[%clk 0:01:42]} e4 {[%clk 0:00:37]} 29. Ra2 {[%clk 0:01:43]} Bc3
{[%clk 0:00:29]} 30. d6 {[%clk 0:01:19]} Bb4 {[%clk 0:00:25]} 31. Nb3
{[%clk 0:01:05]} Rd8 {[%clk 0:00:17]} 32. Nc2 {[%clk 0:01:02]} Bxc5
{[%clk 0:00:07]} 33. Nxc5 {[%clk 0:01:03]} Rc4 {[%clk 0:00:09]} 34. Nb3
{[%clk 0:00:36]} Rxd6 {[%clk 0:00:07]} 35. Ncd4 {[%clk 0:00:31]} Rxb6
{[%clk 0:00:07]} 36. Rxa3 {[%clk 0:00:32]} Rf6 {[%clk 0:00:05]} 37. Ra2
{[%clk 0:00:31]} Rc8 {[%clk 0:00:05]} 38. Kh2 {[%clk 0:00:32]} Kg7
{[%clk 0:00:06]} 39. h4 {[%clk 0:00:33]} h5 {[%clk 0:00:07]} 40. Kg3
{[%clk 0:00:33]} Rc4 {[%clk 0:00:06]} 41. Nd2 {[%clk 0:00:33]} Rc1
{[%clk 0:00:06]} 42. Nxe4 {[%clk 0:00:34]} Rb6 {[%clk 0:00:07]} 43. Nf3
{[%clk 0:00:32]} Rh1 {[%clk 0:00:07]} 44. Ra7 {[%clk 0:00:33]} Rhb1
{[%clk 0:00:06]} 45. Nc5 {[%clk 0:00:29]} Rc6 {[%clk 0:00:06]} 46. Ne4
{[%clk 0:00:24]} Rcb6 {[%clk 0:00:07]} 47. Nfg5 {[%clk 0:00:18]} Rb7
{[%clk 0:00:08]} 48. Ra8 {[%clk 0:00:18]} Rb8 {[%clk 0:00:08]} 49. Ra4
{[%clk 0:00:14]} R8b4 {[%clk 0:00:08]} 50. Ra5 {[%clk 0:00:15]} Rb5
{[%clk 0:00:09]} 51. Rxb5 {[%clk 0:00:15]} Rxb5 {[%clk 0:00:09]} 52. f4
{[%clk 0:00:15]} Rb3 {[%clk 0:00:08]} 53. Kf3 {[%clk 0:00:16]} f5
{[%clk 0:00:06]} 54. Nd6 {[%clk 0:00:14]} Rb1 {[%clk 0:00:06]} 55. Nc4
{[%clk 0:00:14]} Rf1+ {[%clk 0:00:07]} 56. Kg3 {[%clk 0:00:12]} Rc1
{[%clk 0:00:07]} 57. Ne5 {[%clk 0:00:13]} Re1 {[%clk 0:00:08]} 58. Kf2
{[%clk 0:00:14]} Ra1 {[%clk 0:00:08]} 59. Ne6+ {[%clk 0:00:15]} Kf6
{[%clk 0:00:09]} 60. Nf8 {[%clk 0:00:16]} Ra2+ {[%clk 0:00:07]} 61. Kf3
{[%clk 0:00:17]} Ra1 {[%clk 0:00:07]} 62. Nfxg6 {[%clk 0:00:17]} Rf1+
{[%clk 0:00:08]} 63. Ke2 {[%clk 0:00:18]} Rh1 {[%clk 0:00:09]} 64. g3
{[%clk 0:00:15]} Rh2+ {[%clk 0:00:08]} 65. Kf3 {[%clk 0:00:16]} Ra2
{[%clk 0:00:09]} 66. Nf8 {[%clk 0:00:17]} Rb2 {[%clk 0:00:08]} 67. Nfd7+
{[%clk 0:00:18]} Ke6 {[%clk 0:00:08]} 68. Nc5+ {[%clk 0:00:17]} Kd5
{[%clk 0:00:09]} 69. Ncd3 {[%clk 0:00:18]} Rh2 {[%clk 0:00:08]} 70. Nf2
{[%clk 0:00:19]} Kc4 {[%clk 0:00:07]} 71. Nf7 {[%clk 0:00:19]} Kc3
{[%clk 0:00:07]} 72. Nd6 {[%clk 0:00:13]} Kd2 {[%clk 0:00:07]} 73. Nxf5
{[%clk 0:00:13]} Ke1 {[%clk 0:00:08]} 74. Ne4 {[%clk 0:00:09]} Rh1
{[%clk 0:00:09]} 75. Ng5 {[%clk 0:00:08]} Rf1+ {[%clk 0:00:09]} 76. Ke4
{[%clk 0:00:09]} Kd2 {[%clk 0:00:09]} 77. Ke5 {[%clk 0:00:09]} Kd3
{[%clk 0:00:08]} 78. e4 {[%clk 0:00:08]} Re1 {[%clk 0:00:08]} 79. Ng7
{[%clk 0:00:06]} Re3 {[%clk 0:00:08]} 80. Nxh5 {[%clk 0:00:07]} Re1
{[%clk 0:00:07]} 81. f5 {[%clk 0:00:08]} Rf1 {[%clk 0:00:07]} 82. f6
{[%clk 0:00:10]} Rf2 {[%clk 0:00:07]} 83. f7 {[%clk 0:00:11]} Kxe4+
{[%clk 0:00:07]} 1-0

[Event "Blitz 2018"]
[Site "Saint-Petersburg"]
[Date "2018.12.30"]
[Round "16"]
[Board "56"]
[White "Romanovskaya Anna (RUS)"]
[Black "Borisova Ekaterina (RUS)"]
[Result "0-1"]
[BlackElo "1997"]
[WhiteElo "2145"]
[LiveChessVersion "1.4.8"]

1. e4 {[%clk 0:03:03]} c5 {[%clk 0:03:03]} 2. Nc3 {[%clk 0:03:03]} Nc6
{[%clk 0:03:05]} 3. Bb5 {[%clk 0:03:03]} g6 {[%clk 0:03:00]} 4. Bxc6
{[%clk 0:03:03]} bxc6 {[%clk 0:03:01]} 5. d3 {[%clk 0:03:02]} Bg7
{[%clk 0:03:02]} 6. f4 {[%clk 0:03:00]} d6 {[%clk 0:02:59]} 7. Nf3
{[%clk 0:03:00]} Nf6 {[%clk 0:02:51]} 8. O-O {[%clk 0:03:00]} O-O
{[%clk 0:02:51]} 9. Qe1 {[%clk 0:02:58]} Rb8 {[%clk 0:02:46]} 10. b3
{[%clk 0:02:50]} Bg4 {[%clk 0:02:30]} 11. Bd2 {[%clk 0:02:40]} Bxf3
{[%clk 0:02:08]} 12. Rxf3 Ne8 13. f5 {[%clk 0:02:38]} Nc7 {[%clk 0:02:08]} 14.
Qh4 {[%clk 0:02:35]} Bf6 {[%clk 0:01:43]} 15. Qh6 {[%clk 0:02:30]} Bg7
{[%clk 0:01:44]} 16. Qh4 {[%clk 0:02:21]} Bf6 {[%clk 0:01:45]} 17. Qh6
{[%clk 0:02:15]} Bg7 {[%clk 0:01:41]} 18. Qh4 {[%clk 0:02:07]} Nb5
{[%clk 0:01:22]} 19. Nxb5 {[%clk 0:01:58]} cxb5 {[%clk 0:01:10]} 20. Raf1
{[%clk 0:01:56]} Bf6 {[%clk 0:01:06]} 21. Bg5 {[%clk 0:01:54]} Bd4+
{[%clk 0:00:49]} 22. Kh1 {[%clk 0:01:54]} Qd7 {[%clk 0:00:41]} 23. Rh3
{[%clk 0:01:50]} h5 {[%clk 0:00:38]} 24. Bxe7 {[%clk 0:01:49]} Rfe8
{[%clk 0:00:38]} 25. Bf6 {[%clk 0:01:47]} Bxf6 {[%clk 0:00:35]} 26. Qxf6
{[%clk 0:01:47]} Qe7 {[%clk 0:00:36]} 27. fxg6 {[%clk 0:01:47]} Qxf6
{[%clk 0:00:36]} 28. Rxf6 {[%clk 0:01:48]} fxg6 {[%clk 0:00:30]} 29. Rxg6+ Kf7
30. Rxd6 {[%clk 0:01:49]} c4 {[%clk 0:00:32]} 31. dxc4 {[%clk 0:01:47]} Rxe4
{[%clk 0:00:32]} 32. Rf3+ {[%clk 0:01:39]} Ke7 {[%clk 0:00:32]} 33. Rd1
{[%clk 0:01:39]} bxc4 {[%clk 0:00:33]} 34. h3 {[%clk 0:01:36]} Re2
{[%clk 0:00:33]} 35. Rc3 {[%clk 0:01:36]} cxb3 {[%clk 0:00:34]} 36. axb3
{[%clk 0:01:34]} Rb7 {[%clk 0:00:33]} 37. Rdd3 {[%clk 0:01:30]} Kf6
{[%clk 0:00:25]} 38. Rd5 {[%clk 0:01:29]} Rg7 {[%clk 0:00:21]} 39. Rcc5
{[%clk 0:01:07]} Rgxg2 {[%clk 0:00:19]} 40. Rc6+ {[%clk 0:01:07]} Ke7
{[%clk 0:00:19]} 41. Rxh5 {[%clk 0:01:03]} Rgf2 {[%clk 0:00:13]} 42. Kg1
{[%clk 0:01:01]} Rg2+ {[%clk 0:00:14]} 43. Kf1 {[%clk 0:01:02]} Ref2+
{[%clk 0:00:15]} 44. Ke1 {[%clk 0:01:04]} Re2+ {[%clk 0:00:14]} 45. Kd1
{[%clk 0:01:05]} Kd7 {[%clk 0:00:15]} 46. Rc3 {[%clk 0:01:03]} Ref2
{[%clk 0:00:13]} 47. Kc1 {[%clk 0:01:03]} Rg1+ {[%clk 0:00:14]} 48. Kb2
{[%clk 0:01:05]} Rff1 {[%clk 0:00:15]} 49. Rh7+ {[%clk 0:01:03]} Kd6
{[%clk 0:00:16]} 50. Rd3+ {[%clk 0:01:05]} Kc5 {[%clk 0:00:17]} 51. Rc7+
{[%clk 0:01:05]} Kb6 {[%clk 0:00:18]} 52. Rc4 {[%clk 0:01:05]} Rb1+
{[%clk 0:00:19]} 53. Kc3 {[%clk 0:01:06]} Rbc1 {[%clk 0:00:19]} 54. Kb4
{[%clk 0:01:06]} a5+ {[%clk 0:00:20]} 55. Kc3 {[%clk 0:01:07]} Rg2
{[%clk 0:00:21]} 56. Rd2 {[%clk 0:01:08]} Rg3+ {[%clk 0:00:21]} 57. Kb2 Rh1
{[%clk 0:00:20]} 58. h4 {[%clk 0:01:09]} Rgh3 {[%clk 0:00:21]} 59. Rdd4
{[%clk 0:01:09]} R3h2 {[%clk 0:00:21]} 60. Rg4 {[%clk 0:01:09]} Rh3
{[%clk 0:00:22]} 61. Rcf4 {[%clk 0:01:08]} R1h2 {[%clk 0:00:22]} 62. Rc4
{[%clk 0:01:08]} Rh1 {[%clk 0:00:23]} 63. Ra4 {[%clk 0:01:03]} R1h2
{[%clk 0:00:23]} 64. Rgc4 {[%clk 0:01:03]} Rg3 {[%clk 0:00:23]} 65. Rf4
{[%clk 0:01:01]} Rgh3 {[%clk 0:00:23]} 66. Rf5 {[%clk 0:01:00]} Rxh4
{[%clk 0:00:20]} 67. Raxa5 R4h3 {[%clk 0:00:19]} 68. Rae5 {[%clk 0:01:00]} Rh6
{[%clk 0:00:16]} 69. Rc5 {[%clk 0:00:57]} Rg2 {[%clk 0:00:15]} 70. Rc4
{[%clk 0:00:58]} Rhh2 {[%clk 0:00:16]} 71. b4 {[%clk 0:00:58]} Re2
{[%clk 0:00:16]} 72. Kb3 {[%clk 0:00:58]} Rh1 {[%clk 0:00:17]} 73. Rg4
{[%clk 0:00:57]} Rb1+ {[%clk 0:00:18]} 74. Kc3 {[%clk 0:00:58]} Re3+
{[%clk 0:00:19]} 75. Kd2 {[%clk 0:00:59]} Re6 {[%clk 0:00:19]} 76. c3
{[%clk 0:00:59]} Rd6+ {[%clk 0:00:17]} 77. Kc2 {[%clk 0:00:59]} Rbd1
{[%clk 0:00:16]} 78. Kb3 {[%clk 0:00:59]} Rb1+ {[%clk 0:00:17]} 79. Kc2
{[%clk 0:00:58]} Rbd1 {[%clk 0:00:17]} 80. Rgf4 {[%clk 0:00:58]} R6d2+
{[%clk 0:00:17]} 81. Kb3 {[%clk 0:00:59]} Rb1+ {[%clk 0:00:18]} 82. Kc4
{[%clk 0:01:00]} Rc1 {[%clk 0:00:16]} 83. Rf6+ {[%clk 0:01:01]} Kc7
{[%clk 0:00:18]} 84. Rg4 {[%clk 0:01:02]} Rd7 {[%clk 0:00:16]} 85. Rg3
{[%clk 0:01:00]} Re7 {[%clk 0:00:17]} 86. Rgf3 {[%clk 0:00:59]} Re4+
{[%clk 0:00:15]} 87. Kd5 {[%clk 0:00:57]} Re2 {[%clk 0:00:15]} 88. c4
{[%clk 0:00:54]} Rd1+ {[%clk 0:00:14]} 89. Kc5 {[%clk 0:00:54]} Re5#
{[%clk 0:00:15]} 90. Kd4 0-1